000 01538nam a22003857a 4500
001 0013499
003 KOHA_MİRAKIL
005 20260207001921.0
007 ta
008 201231b2001 tu |||gr||||#||||1|tur |
020 _a9750600142
040 _aTR-BiSEU
_btur
_cTR-BiSEU
_erda
041 0 _aeng
044 _ctu
050 _aPE1128
_b.A93 2001
100 1 _aAydın, Belgin.
240 1 0 _aa study of sources of foreign language classroom anxiety in speaking and writing classes
_lİngilizce
245 1 _aKonuşma ve yazma derslerinde yabancı dil öğrenimindeki kaygı nedenleri =
_ba study of sources of foreign language classroom anxiety in speaking and writing classes/
_cBelgin Aydın ; Belgin Aydın.
264 1 _aEskişehir :
_bAnadolu Üniversitesi
_c2001
300 _aXIII, 209 sayfa: resimli; 24 cm.
336 _ametin
_btxt
_2rdacontent
337 _aaracısız
_bn
_2rdamedia
338 _acilt
_bnc
_2rdacarrier
490 1 _aAnadolu Üniversitesi yayınları no ;
_v1265.
490 1 _aEğitim Fakültesi yayınları no ;
_v74.
500 _aKaynakça var.
650 0 _aEnglish languages--Study and teaching.
_931745
650 0 _aEnglish languages--Textbooks for foreign speakers.
_931746
650 0 _aİngiliz dili--Çalışma ve öğretim.
_931747
650 0 _aİngiliz dili--yabancılar için ders kitapları.
_931748
830 1 _aAnadolu Üniversitesi yayınları no ;
_v1265.
_96150
830 1 _aEğitim Fakültesi yayınları no ;
_v74.
_931060
907 _aDil
942 _2lcc
_cBK
999 _c13463
_d13463